Największe transfery sezonu 2015/16. - Statystyki

Ogólne statystyki
  • Ten quiz został rozwiązany 96 razy
  • Średni wynik to 6 z 10
Statystyki odpowiedzi
# Piłkarz Narodowość Klub oddający Kwota transferu Klub pozyskujący % Poprawnych
1 Kevin De Bruyne
76,00 mln €
99%
3 Ángel Di María
63,00 mln €
90%
2 Raheem Sterling
63,70 mln €
83%
10 Paulo Dybala
41,00 mln €
81%
7 Nicolás Otamendi
44,50 mln €
58%
6 Christian Benteke
46,50 mln €
48%
8 Julian Draxler
43,00 mln €
48%
9 Jackson Martínez
42,00 mln €
44%
4 Anthony Martial
60,00 mln €
42%
5 Alex Teixeira
50,00 mln €
31%
Nie znaleziono quizów pasujących do podanych kryteriów
Rozkład punktacji
Procent ludzi z każdym wynikiem
Percentyl według liczby udzielonych odpowiedzi
Twoja historia wyników
Nie rozwiązałeś tego quizu